000 00827na a2200277 4500
001 13862
003 MIRAKIL
005 20181213154920.0
008 160827b tu 000 0
020 _a9756674385
035 _a13862
040 _aMilas
_btur
_cTR-AnCHP
082 _aATA 956.1023
_bK86t 2007
090 _aATA 956.1023 K86t 2007
100 _aKurtcephe, İsrafil
245 _aTürkiye Cumhuriyeti tarihi
_cİsrafil Kurtcephe, Aydın Beden
250 _a2. bs.
260 _aAnkara
_bAlp Yayınevi
_c2007
300 _axii, 508 s.
_c24 sm.
504 _aKaynakça var.
600 _aAtatürk, Mustafa Kemal
_d1881-1938
_xAtatürk devrimleri
600 _aAtatürk, Mustafa Kemal
_d1881-1938
_xKurtuluş Savaşı
651 _aTürkiye
_xTarih
_y1839-1938
700 _aBeden, Aydın
942 _2ddc
_cBKS
999 _c3101
_d3101